A modern law of nations : An introduction

שמור ב:
מידע ביבליוגרפי
מחבר ראשי: Jessup, Philip C.
פורמט: ספר
שפה:Undetermined
יצא לאור: New York Macmillan 1948
נושאים:
תגים: הוספת תג
אין תגיות, היה/י הראשונ/ה לתייג את הרשומה!
Thư viện lưu trữ: Trung tâm Học liệu Trường Đại học Cần Thơ
LEADER 00496nam a2200193Ia 4500
001 CTU_89614
008 210402s9999 xx 000 0 und d
082 |a 341 
082 |b J58 
100 |a Jessup, Philip C. 
245 2 |a A modern law of nations : 
245 3 |b An introduction 
245 0 |c Philip C. Jessup 
260 |a New York 
260 |b Macmillan 
260 |c 1948 
650 |a International law 
904 |i Bằng 
980 |a Trung tâm Học liệu Trường Đại học Cần Thơ